|
|
|
|
| LEADER |
01613nam a2200385 4500 |
| 001 |
ocm61141109 |
| 003 |
OCoLC |
| 005 |
20180501121908.0 |
| 006 |
m o d |
| 007 |
cr un|---auuua |
| 008 |
050722s2001 ne a ob 001 0 eng c |
| 040 |
|
|
|a YUS
|b eng
|e pn
|c YUS
|d OCLCG
|d UIU
|d OCLCQ
|d OCLCA
|d OPELS
|d CUS
|d OCLCF
|d DEBSZ
|d OCLCQ
|d OCLCO
|d OCLCQ
|d OCLCA
|d DEBBG
|d GrThAP
|
| 020 |
|
|
|a 0444500146
|
| 020 |
|
|
|a 9780444500144
|
| 035 |
|
|
|a (OCoLC)61141109
|
| 042 |
|
|
|a pcc
|
| 050 |
|
4 |
|a QA274
|b .S8238 2001
|
| 082 |
0 |
4 |
|a 519.2
|2 21
|
| 049 |
|
|
|a TEFA
|
| 245 |
0 |
0 |
|a Stochastic processes :
|b theory and methods /
|c edited by D.N. Shanbhag, C.R. Rao.
|
| 260 |
|
|
|a Amsterdam ;
|a New York :
|b Elsevier,
|c 2001.
|
| 300 |
|
|
|a 1 online resource (xvii, 967 pages).
|
| 336 |
|
|
|a text
|b txt
|2 rdacontent
|
| 337 |
|
|
|a computer
|b c
|2 rdamedia
|
| 338 |
|
|
|a online resource
|b cr
|2 rdacarrier
|
| 490 |
1 |
|
|a Handbook of statistics ;
|v v. 19
|
| 504 |
|
|
|a Includes bibliographical references and index.
|
| 588 |
0 |
|
|a Online resource; title from Web page (viewed Jul. 22, 2005).
|
| 650 |
|
0 |
|a Stochastic processes.
|
| 650 |
|
7 |
|a Stochastic processes.
|2 fast
|0 (OCoLC)fst01133519
|
| 700 |
1 |
|
|a Shanbhag, D. N.
|q (Damodar N.),
|e editor.
|
| 700 |
1 |
|
|a Rao, C. Radhakrishna
|q (Calyampudi Radhakrishna),
|d 1920-
|e editor.
|
| 776 |
0 |
8 |
|i Print version:
|t Stochastic processes.
|b 1st ed.
|d Amsterdam ; New York : Elsevier, 2001
|z 0444500146
|w (DLC) 2001020513
|w (OCoLC)46359470
|
| 830 |
|
0 |
|a Handbook of statistics (Amsterdam, Netherlands) ;
|v v. 19.
|
| 856 |
4 |
0 |
|u https://www.sciencedirect.com/science/handbooks/01697161/19
|z Full Text via HEAL-Link
|